Julien Baker songs by Lyrics - Statistics

General Stats
  • This quiz has been taken 27 times
  • The average score is 14 of 20
Answer Stats
Hint Answer % Correct
Oh, I know that it's not, but I have to believe that it is Appointments
95%
When you watch me throwing punches at the devil Shadowboxing
95%
I'll believe you if you make me feel something Faith Healer
84%
Your long hair, a short walk My biggest fear and a slow watch Good News
84%
Start asking for forgiveness in advance For all the future things I will destroy Hardline
84%
Limping like a prodigal son Someone got my head in the slums Ziptie
84%
A character of somebody's invention A martyr in another passion play Relative Fiction
79%
Living with demons I've Mistaken for saints Claws in Your Back
74%
I know I'm a pile of filthy wreckage You will wish you'd never touched Everybody Does
74%
So Jesus, can you help me now? Trade me in for a briar crown Ringside
74%
And a saline communion that I held like a séance Blacktop
68%
Swallow the truth Force the charcoal down my throat Crying Wolf
68%
Spеnd your whole life getting clеan Just to wind up in the dirt Dirt
63%
'Cause I'm so good at hurting myself Brittle Boned
58%
In an еmpty apartment, face down in the carpеt I wish you'd hurt me Song in E
58%
And my skeleton is a house for my eyes Purchased with a bleeding side Vessels
58%
Oh, I miss when I was certain about every little thing Guthrie
53%
It's nothing like you said you wanted Nothing like you'll get and Tokyo
53%
Who am I kidding? Even if I meant it, I’d probably still visit Conversation Piece
47%
When I know there is nowhere I can hide From your humiliating grace Happy to Be Here
42%
No matching quizzes found
Score Distribution
Percent of People with Each Score
Percentile by Number Answered
Your Score History
You have not taken this quiz